000 00714nam a2200205Ia 4500
003 GCL
008 140319s9999 xx 000 0 ara d
040 _aGCL /
_cGCL
082 0 4 _a349.601
_bم ب
100 1 _aمحمد عبدالجواد محمد
245 1 0 _aبحوث فى الشريعة الاسلامية والقانون اصول القانون مقارنة باصول الفقة /
_cمحمد عبدالجواد محمد
260 _a[S.N] :
_bمنشاة المعارف الاسلامية ،
_c1991
300 _a237 ص
490 _a
650 0 4 _aالقانون
650 0 4 _aالاحكام
650 0 4 _aالفقه الاسلامى
650 0 4 _aالقانون المقارن
942 _2ddc
_cBK
999 _c55993
_d55993